000 01038nas a2200313 4500
001 BR2017001462
003 BR-BrBNA
005 20231205130945.0
007 ta
008 230509b bl.|||p| |||| 00| 00por d
040 _aBR-BrBNA
_bpor
_cBiblioteca Nacional de Agricultura
041 _a(Pt)
072 _aF30; F01
100 1 _aSousa, T.R. de
100 1 _aPereira, I.R.
100 1 _aOliveira, A.H.C.
100 1 _aGonçalves, P.J.
100 1 _aAlmeida, L.M.
245 1 _aCaracterização química do látex de Hancornia speciosa e produtividade associadas às características fenotípicas
650 _aMANGABA
650 _aFRUTA TROPICAL
650 _aMORFOLOGIA VEGETAL
650 _aMELHORAMENTO GENÉTICO VEGETAL
650 _aPRODUTIVIDADE
773 0 _tRevista Agrotecnologia (Brazil)
_xISSN 2179-5959
_g(2016), v. 7(2) p. 61-66
_wBR2017001462
856 4 0 _uhttp://www.revista.ueg.br/index.php/agrotecnologia/article/view/5160/pdf
909 _a202311
_bLúcia
_c55
_dLúcia Elande
942 _2AGRIS
_n0
_cANA
999 _c252266
_d252266